| 000 | 00582cam a22002053a 4500 | ||
|---|---|---|---|
| 001 | 40259 | ||
| 003 | PGUSA | ||
| 005 | 20140828083909.0 | ||
| 008 | 120716s2012||||xxu|||||s|||||000 | eng d | ||
| 040 |
_aPGUSA _beng |
||
| 042 | _adc | ||
| 100 | 1 | _aSheppard, Elizabeth | |
| 245 | 1 | 0 |
_aCharles Auchester, Volume 2 (of 2) _h[electronic resource] / _cElizabeth Sheppard |
| 260 |
_bProject Gutenberg, _c2012 |
||
| 506 | _aPublic domain in the USA. | ||
| 516 | _aElectronic text | ||
| 830 | 0 |
_aProject Gutenberg _v40259 |
|
| 856 | 4 | 0 | _uhttp://www.gutenberg.org/ebooks/40259 |
| 942 | _cEB | ||
| 999 |
_c269512 _d269512 |
||